Internationalisation and trade in higher education : opportunities and challenges /

Bibliographic Details
Corporate Author: Centre for Educational Research and Innovation
Format: Book
Language:English
Published: Paris, France : Organisation for Economic Co-operation and Development, 2004.
Subjects:

MARC

Tag First Indicator Second Indicator Subfields
LEADER 00000cam a2200000Ia 4500
001 in00002007690
005 20151031124257.0
008 041018s2004 fr a b i000 0 eng d
020 |a 9264015043 
035 |a (OCoLC)ocm56758010 
040 |a ABC  |c ABC  |d TXA  |d UtOrBLW 
049 |a TXAM 
090 |a LB2375  |b .I58 2004 
245 0 0 |a Internationalisation and trade in higher education :  |b opportunities and challenges /  |c Centre for Educational Research and Innovation. 
264 1 |a Paris, France :  |b Organisation for Economic Co-operation and Development,  |c 2004. 
300 |a 317 pages :  |b illustrations ;  |c 27 cm. 
336 |a text  |b txt  |2 rdacontent 
337 |a unmediated  |b n  |2 rdamedia 
338 |a volume  |b nc  |2 rdacarrier 
504 |a Includes bibliographical references. 
505 0 |a Executive summary -- 1. Cross-border education: an overview -- 2. Cross-border post-secondary education in North America -- 3.Cross-border post-secondary education in Europe -- 4. Cross-border post-secondary education in the Asia-Pacific region -- 5. Key developments and policy rationales in cross-border post-secondary education -- 6. Implications of recent developments for access and equity, cost and funding, quality and capacity building -- Annex A.: A basic guide to the General Agreement on Trade in Services (GATS) -- Annex B.: Negotiating proposals, requests and offers under GATS: what has happened on education services? (May 2004) -- Annex C. Definitions and technical notes on the data -- Data tables -- List of tables -- List of figures. 
650 0 |a Foreign study. 
630 0 0 |a General Agreement on Trade in Services  |d (1994 April 15) 
710 2 |a Centre for Educational Research and Innovation. 
948 |a cataloged  |b h  |c 2004/10/20  |d c  |e ceaton  |f 1:29:20 pm 
994 |a C0  |b TXA 
999 |a MARS 
999 f f |s 4fbe0796-1b79-35c1-a831-a87003d49099  |i d4e11e1c-1f9c-33a9-887f-cb651266af7d  |t 0 
952 f f |p normal  |a Texas A&M University  |b College Station  |c Sterling C. Evans Library  |d Evans: Library Stacks  |t 0  |e LB2375 .I58 2004  |h Library of Congress classification  |i unmediated -- volume  |m A14831375867 
998 f f |a LB2375 .I58 2004  |t 0  |l Evans: Library Stacks